00460nam a2200169Ia 4500003000400000005001700004008004100021020001800062040000700080041000800087082001900095100002300114245008800137260004000225300001200265365001300277OSt20230427092612.0210423s2007 xx 000 0 und d a9788130906362 cAL aeng a820.9 BLOV223 aBLOOM (Harold),Ed. aViva modern critical interpretations Lewis Carrolls alice adventures in wonderland. aNew DelhibViva Books Pvt Ltdc2007 a247bPB b145cINR